000 01325nam a2200313 a 4500
001 ebr10486805
003 CaPaEBR
006 m u
007 cr cn|||||||||
008 110818s2009 ilua sb 000 0 eng d
020 _z9780838958049
020 _z9780838991404 (e-book)
040 _aCaPaEBR
_cCaPaEBR
035 _a(OCoLC)743204724
050 1 4 _aZ674.75.W67
_bK56 2009eb
100 1 _aKing, David Lee.
245 1 0 _aBuilding the digital branch
_h[electronic resource] :
_bguidelines for transforming your library website /
_cDavid Lee King.
260 _aChicago :
_bALA TechSource,
_c2009.
300 _a39 p. :
_bill.
490 1 _aLibrary technology reports : expert guides to library systems and services,
_x0024-2586 ;
_vv. 45, no. 6
500 _a"August/September 2009"--Cover.
504 _aIncludes bibliographical references.
533 _aElectronic reproduction.
_bPalo Alto, Calif. :
_cebrary,
_d2011.
_nAvailable via World Wide Web.
_nAccess may be limited to ebrary affiliated libraries.
650 0 _aLibrary Web sites.
655 7 _aElectronic books.
_2local
710 2 _aebrary, Inc.
830 0 _aLibrary technology reports ;
_vv. 45, no. 6.
856 4 0 _uhttp://site.ebrary.com/lib/rucke/Doc?id=10486805
_zAn electronic book accessible through the World Wide Web; click to view
999 _c125331
_d125331